00633 2200205 4500001002100000005001700021008004100038035002400079040001200103082001200115090001800127100002300145245006000168260011300228300002000341650003000361850001200391990001200403990001200415YOGYA-0612000000060120120607234242.0 ind  0010-061200000000599 aYOPDYOG a899.221 a899.221 Sin M aSINDUSASTRA, R.Ng. aMaesasura JatasuracKarangan Raden Ngabehi Sindusastra. aJakartabDepartemen Pendidikan dan Kebudayaan Proyek Penerbitan Buku Bacaan Sastra Indonesia dan Darahc1978 a153 hlm.c21 cm aKesusastraan daerah-Puisi aYOPDYOG a36884-a a59284-a